| 000 | 00417nam a2200169 a 4500 | ||
|---|---|---|---|
| 001 | 0000-8543 | ||
| 003 | ELIB.Books | ||
| 008 | 110520 1996 | ||
| 035 | _a(ELIB.Books)0000-8688 | ||
| 082 |
_a264.1 _bJoh |
||
| 100 | _aJohnstone, Patrick | ||
| 245 | _aThe Unreached Peolpes | ||
| 260 |
_bLittleton: Caleb Project _c1996 |
||
| 650 | _aPrayer | ||
| 942 |
_2ddc _cBK |
||
| 998 |
_cbat _e2011-05-20 |
||
| 999 |
_c8543 _d8543 |
||